US-China trade war: An explanation (Record no. 525278)

000 -LEADER
fixed length control field 00816nam a22001457a 4500
008 - FIXED-LENGTH DATA ELEMENTS--GENERAL INFORMATION
fixed length control field 240221b ||||| |||| 00| 0 eng d
100 ## - MAIN ENTRY--PERSONAL NAME
Personal name Ragul, P.
245 ## - TITLE STATEMENT
Title US-China trade war: An explanation
260 ## - PUBLICATION, DISTRIBUTION, ETC. (IMPRINT)
Place of publication, distribution, etc World Affairs: The Journal of International Issues
300 ## - PHYSICAL DESCRIPTION
Extent 27(4), Oct-Dec, 2023: p.34-61
520 ## - SUMMARY, ETC.
Summary, etc The US complaints about China’s unfair trade practices remained wreaked for a very long time. Using techno-in World industrial polcies. China was observed to have moved permanently away from market-based principles. Even then, as the US and Chinese economics are highly Interdependent, a trade war between the two countries was unthinkable. – Reproduced
773 ## - HOST ITEM ENTRY
Main entry heading World Affairs: The Journal of International Issues
906 ## - LOCAL DATA ELEMENT F, LDF (RLIN)
Subject DIP INTERNATIONAL RELATIONS
942 ## - ADDED ENTRY ELEMENTS (KOHA)
Item type Articles
Holdings
Withdrawn status Lost status Source of classification or shelving scheme Damaged status Not for loan Permanent location Current location Date acquired Serial Enumeration / chronology Barcode Date last seen Koha item type
          Indian Institute of Public Administration Indian Institute of Public Administration 2024-02-21 27(4), Oct-Dec, 2023: p.34-61 AR131085 2024-02-21 Articles

Powered by Koha